Регионална библиотека "Любен Каравелов" - Русе

Сравнителен анализ на икономическите структури на страните - членки на ЕИО (Запис номер 182137)

MARC детайли
000 -Лидер
Контролно поле с фиксирана дължина 01581nam a2200337 c 4500
003 - Код на организацията, давaща контролен номер
Контролно поле BLK
005 - Дата и час на последна редакция
Контролно поле 20180422115214.0
008 - Елементи от данни с фиксирана дължина
fixed length control field 180411b bul|||||r ||||||| ||bul||
010 ## - Наследен системен номер
LC control number KNG00191060000
040 ## - Източник на каталожния запис
Идентификатор на билиотеката - собственик на записа BLK
041 ## - Код за език
Код за езика на текст/звукозапис или на отделно заглавие Български
Код за езика КДБФ Български
080 ## - УДК
Текстов определител УДК Икономическо положение. Икономическа политика. Управление. Планиране. Производство. Услуги. Цени
УДК код - определител по УДК 338
УДК определител (4)
УДК - код + определител 338(4)
100 1# - Редна дума - Автор
Автор Давидова, София Мойсей
Авторска отговорност първи автор
R(LIN) 383914
139 ## - Редно поле
Редна дума Давидова, София Мойсей
Авторски знак Дав - Д 13
245 10 - Сведения за заглавието
Заглавие Сравнителен анализ на икономическите структури на страните - членки на ЕИО
Подзаглавни данни Изследване]
Редно поле (дума) София Мойсей Давидова; съавт. Стефан Христов Петранов.
257 ## - Страна на издаване
Страна на създаване/издаване България
260 ## - Област на издателските данни
-- София
Име на издателя, разпространителя и проч. Наука и изкуство
Година на издаване 1987
Печатница (Ямбол : печ. Г. Димитров)
300 ## - Физическа характеристика
Страници 184 с.
Илюстрации и др. с табл., диагр.
Размери/Мащаб 22 см
380 ## - Жанр
Жанр Обществени науки
500 ## - Общи забележки
Забележка Бибилиогр. под линия.
650 #4 - Допълнително описание по предмет – тема
Основно описание – тема или топоним Западна Европа - политически системи
9 (RLIN) 309363
650 #4 - Допълнително описание по предмет – тема
Основно описание – тема или топоним Европейска общност
9 (RLIN) 178862
651 #4 - Допълнително описание по предмет - топоним
Географско понятие Европа
9 (RLIN) 244407
653 ## - Ключова дума – ненормативна
Ключова дума ЕИО
700 1# - Други автори (авторска отговорност)
Лично име Петранов, Стефан Христов
Автороска отговорност (Описва отношението между автора и произведението) съавт.
9 (RLIN) 380049
852 ## - Местоположение
Форматна сигнатура Цб 146779
856 4# - Електронен адрес и достъп
Електронен формат pdf - файл
Път до файла /url/
856 4# - Електронен адрес и достъп
Електронен формат pdf - файл
Път до файла /url/
942 ## - АРТИКУЛИ
Вид на библиотечния материал Книги
Скрит в OPAC Не
944 ## - СЪЗДАВАНЕ И РЕДАКЦИЯ на ЗАПИСА
Създаване/Редакция Създаване
Дата на регистрацията/редакция 29.09.2016
Служител, извършил регистрацията/редакцията Ирена_Линкова
944 ## - СЪЗДАВАНЕ И РЕДАКЦИЯ на ЗАПИСА
Създаване/Редакция Редакция
Дата на регистрацията/редакция 29.09.2016
Служител, извършил регистрацията/редакцията Ирена_Линкова
999 ## - СИСТЕМНИ КОНТРОЛНИ НОМЕРА
Koha biblionumber 182137
Koha biblioitemnumber 182137
Наличности
Код за отписване Код за изгубен артикул Източник на класификационната схема Код за повреда Коз за рестрикции Код за отдаване Артикулен № Име на библиотеката - собственик Име на библиотеката, в която се намира в момента Статус (Текущо местоположение) Дата на вписване в системата Местоположение - отдел Цена в лева Инвентарен номер Систематично азбучна сигнатура Баркод Номер на екземпляра Цена в евро Служебна бележка Служебен тип на артикула
  Не е изгубен Universal Decimal Classification Не е повреден без рестрикции ползва се в читалня 312350 Регионална библиотека "Любен Каравелов" Русе Регионална библиотека "Любен Каравелов" Русе Хранилище 1987-01-01 Хранилище 1.83 473495 Цб 146779 120000473495 1 0.94 Дост: Dp Вид: Д N: сф Дата: 01.01.1987 Книги
Изтеглен Не е изгубен Universal Decimal Classification Не е повреден без рестрикции заемане за дома 312351 Регионална библиотека "Любен Каравелов" Русе Регионална библиотека "Любен Каравелов" Русе Заемна - подръчен фонд 1987-01-01 Заемна - подръчен фонд 1.83 494720 П 338/Д 13 494720 2 0.94 Дост: Pk Вид: Ф N: сф Дата: 01.01.1987 Книги
Изтеглен Не е изгубен Universal Decimal Classification Не е повреден без рестрикции заемане за дома 312352 Регионална библиотека "Любен Каравелов" Русе Регионална библиотека "Любен Каравелов" Русе Заемна - подръчен фонд 1987-01-01 Заемна - подръчен фонд 1.83 494722 П 338/Д 13 494722 3 0.94 Дост: Pk Вид: Ф N: сф Дата: 01.01.1987 Книги
Vip Innovations Ltd, Rousse, Bulgaria 2025